000 00268nam a2200121Ia 4500
008 190216s9999||||xx |||||||||||||| ||und||
100 _aGopinath C G
245 0 _aKananam
260 _bPoorna Pubs Kozhikode
_c1982
300 _a115
650 _aNadakam
942 _cBK
999 _c28235
_d28235